Architecture in the Anthropocene (Record no. 295015)
[ view plain ]
| 000 -LEADER | |
|---|---|
| fixed length control field | 00403nam a2200109Ia 4500 |
| 008 - FIXED-LENGTH DATA ELEMENTS--GENERAL INFORMATION | |
| fixed length control field | 160531s9999 xx 000 0 und d |
| 100 ## - MAIN ENTRY--PERSONAL NAME | |
| Personal name | Turpin, Etienne. |
| 245 ## - TITLE STATEMENT | |
| Title | Architecture in the Anthropocene |
| 245 ## - TITLE STATEMENT | |
| Statement of responsibility, etc | by Etienne Turpin (ed.) |
| 260 ## - PUBLICATION, DISTRIBUTION, ETC. (IMPRINT) | |
| Date of publication, distribution, etc | 2013 |
| 856 ## - ELECTRONIC LOCATION AND ACCESS | |
| Uniform Resource Identifier | <a href="http://quod.lib.umich.edu/cgi/p/pod/dod-idx/architecture-in-the-anthropocene-encounters-among-design.pdf?c=ohp;idno=12527215.0001.001">http://quod.lib.umich.edu/cgi/p/pod/dod-idx/architecture-in-the-anthropocene-encounters-among-design.pdf?c=ohp;idno=12527215.0001.001</a> |
| Withdrawn status | Lost status | Damaged status | Home library | Current library | Date acquired | Total Checkouts | Date last seen | Price effective from | Koha item type |
|---|---|---|---|---|---|---|---|---|---|
| College Library | College Library | 05/31/2016 | 05/31/2016 | 05/31/2016 | Curriculum - Based eBooks |